| 000 | 00735nam a2200217 a 4500 | ||
|---|---|---|---|
| 001 | 000024999 | ||
| 005 | 20200930023510.0 | ||
| 008 | 841115s1994 ve 001 f spa d | ||
| 020 | _a9806273842 | ||
| 040 |
_aDO-SdBNP _bspa _cBNPHU |
||
| 082 |
_aVe863.42 _bP259m |
||
| 100 | 1 |
_aParra, Teresa de la, _d1889-1936 _qAna Teresa Parra Sanojo. _951304 |
|
| 245 | 1 | 4 |
_aLas memorias de Mamá Blanca / _cAna Teresa Parra Sanojo (Teresa de la Parra). |
| 260 |
_aCaracas, (Venezuela) : _bAlfadil Ediciones, _c1994. |
||
| 300 |
_a177. p. : _bil. ; _c20 cm. |
||
| 490 | 1 | _aGuarimba Mayor | |
| 650 | 4 |
_aNovela venezolana _93962 |
|
| 650 | 4 |
_aLiteratura venezolana _93816 |
|
| 830 | 0 |
_aGuarimba Mayor _951305 |
|
| 910 | _aCatalogación por copia / LC | ||
| 999 |
_c24492 _d24492 |
||